Manažment výroby a logistika v podmienkach rozvoja podniku bakalárska práca

Gespeichert in:
Bibliographische Detailangaben
1. Verfasser: Šestáková, Simona
Körperschaft: Fakulta podnikového manažmentu EU. Katedra manažmentu výroby a logistiky - zrušená
Weitere Verfasser: Dupaľ, Andrej
Format: Buch
Sprache:Slowakisch
Veröffentlicht: Bratislava 2020
Tags: Tag hinzufügen
Keine Tags, Fügen Sie das erste Tag hinzu!

MARC

LEADER 00000nbm a2200000 4500
001 0266073
005 20201123094120.1
041 0 |a slo 
044 |a SK 
245 1 0 |a Manažment výroby a logistika v podmienkach rozvoja podniku  |b bakalárska práca  |c Simona Šestáková ; školiteľ: Andrej Dupaľ 
264 1 |a Bratislava  |c 2020 
300 |a 49 s. 
100 1 |a Šestáková, Simona 
700 1 |a Dupaľ, Andrej 
710 2 |a Fakulta podnikového manažmentu EU. Katedra manažmentu výroby a logistiky - zrušená